000 00205nam a2200085Ia 4500
008 170617s9999 xx 000 0 und d
100 _aJoseph marina rajan
245 0 _aEpidemioloay for U G
260 _bJAYPEE BROTHERS
260 _c2007
999 _c12923
_d12923